000 00277nam a22001097a 4500
008 160418b xxu||||| |||| 00| 0 eng d
020 _a9780323048262
041 _aeng
080 _a618.2
245 _aNursing Diagnosis Handbook
_cBetty J. Ackly; Gail B.Ladwig;
942 _2udc
_cBK
999 _c1425
_d1425